| 000 | 00770nam a2200205 a 4500 | ||
|---|---|---|---|
| 001 | 000015402 | ||
| 005 | 20240313073816.0 | ||
| 008 | 100208s2003 dr 001 0 spa d | ||
| 040 |
_aDO-SdBNP _bspa _cBNPHU |
||
| 082 |
_a923.2 _bV468v |
||
| 100 | 1 |
_aVentura, Juan _934784 |
|
| 245 | 1 | 0 |
_aVicepresidentes de la República Dominicana / _cJuan Ventura ; palabras preliminares Lipe Collado. |
| 260 |
_aSanto Domingo : _bCollado, _c2003. |
||
| 300 |
_a101 p. : _b21 cm. |
||
| 500 | _aIncluye índice onomástico. | ||
| 650 | 4 |
_aVicepresidentes _zRepública Dominicana _xBiografias _y1854-2003 _2SEARS _934785 |
|
| 650 | 7 |
_aPolíticos _zRepública Dominicana _vBIOGRÁFIAS _y1854-2003 _934786 |
|
| 700 | 1 |
_aCollado, Lipe, _d1947- _979819 |
|
| 910 | _aValidado. Control de calidad MFF | ||
| 999 |
_c14961 _d14961 |
||